All Bus Stops on London Bus Route 90 - Statistics

General Stats
  • This quiz has been taken 2 times
  • The average score is 9 of 56
Answer Stats
Answer % Correct
Hayes Town Centre
100%
Clayton Road
50%
East Way
50%
Envoy Avenue
50%
Fairdale Gardens
50%
Fairey Corner
50%
Feltham Assembly Hall
50%
Feltham Leisure West
50%
Great South West Road
50%
Harlington Corner
50%
Hatton Cross Station
50%
Hatton Road North
50%
Hayes & Harlington Station
50%
Hesa Road
50%
Millington Road
50%
Uxbridge County Court
50%
Alderney Gardens
0%
Avondale Drive
0%
Balmoral Drive
0%
Belmore Parade
0%
Bengarth Road / Northolt Library
0%
Brickfield Lane
0%
Browells Lane
0%
Central Avenue
0%
Central Way
0%
Church Road
0%
Cranford Lane
0%
Croyde Avenue
0%
Eastchurch Road
0%
Fairholme Crescent
0%
Feltham Station / Victoria Road
0%
Fern Grove
0%
Fredora Avenue
0%
Grosvenor Avenue
0%
Gurney Road
0%
Harlington High Street / Sipson Lane
0%
Harlington Road East
0%
Hatton Green
0%
Hughenden Gardens
0%
Kingshill Avenue
0%
Kingshill Close
0%
Kingston Close
0%
Lansbury Avenue
0%
Moat Farm Road
0%
Northolt Station
0%
Precinct Road
0%
Redmead Road
0%
Sycamore Close
0%
Target Roundabout
0%
The Brook House
0%
Townson Avenue
0%
West End Lane
0%
Whittington Avenue
0%
Yeading / Dilston Close
0%
Yeading / Tangmere Gardens
0%
Yeading / White Hart Roundabout
0%
No matching quizzes found
Score Distribution
Percent of People with Each Score
Percentile by Number Answered
Your Score History
You have not taken this quiz